| 000 | 00414nam a2200157 a 4500 | ||
|---|---|---|---|
| 001 | 1135 | ||
| 005 | 20140414131902.0 | ||
| 008 | 041021s19uu xx 00 eng d | ||
| 050 |
_aFIC _bSe3 1990 |
||
| 245 | _aThe secret book of the Gnomes, v.12. | ||
| 260 |
_aLondon : _bOrbis Pub., _c1990. |
||
| 300 | _a1 v. p. : ill. ; cm. | ||
| 440 | _aDavid The Gnome Presents | ||
| 650 | _aFairy tales. | ||
| 999 |
_c110741 _d110741 |
||